000 00701cab a2200229 4500
008 090401t1999 xxu||||| |||| 00| 0 eng d
035 _a(Sirsi) u99753
041 _aeng
100 _aComyn, C.
245 _aStamping out doubts about the duty rate
260 _c1999
350 _a0
490 _aProperty Week
_v64(9) 5 March 1999, 72(1)
520 _aLooks at the recent increases in stamp duty and the `saving` provision, allowing transfers to be stamped at the former rate in certain circumstances.
650 _aINCREASES
650 _aSPIRO V GLENCROWN PROPERTIES LTD
650 _aSTAMP DUTY
650 _aTRANSFERS
690 _aTAXATION
942 _n0
948 _c08/03/1999
999 _c59987
_d59987